| 000 | 00928cad a22002175a 4500 | ||
|---|---|---|---|
| 001 | E150552 | ||
| 008 | 100726s2010 xxk f s000 0 eng d | ||
| 020 | _a9780755995028 | ||
| 035 | _a(Sirsi) u150552 | ||
| 041 | 0 | _aeng | |
| 110 | 2 |
_aScotland _bScottish Government _95344 |
|
| 245 | 0 | 0 |
_aHousing aspirations, needs and demands in the light of the credit crunch _h[electronic resource] |
| 260 |
_aEdinburgh _bScottish Government _c2010 |
||
| 490 | 0 | _aAnalytical Paper Series | |
| 520 | _aExamines the impact of the recession on the population's housing aspirations and demands, with reference to previous recessions in the UK and elsewhere. | ||
| 590 | _aKA | ||
| 651 | 4 |
_aScotland _y1999- |
|
| 690 | _aPROPERTY-RESIDENTIAL PROPERTY-DOMESTIC RESIDENTIAL PROPERTY-HOUSING | ||
| 856 | 4 | 0 |
_uhttps://www.scotland.gov.uk/Publications/2010/07/23125736/0 _zView the consultation free of charge at www.scotland.gov.uk |
| 942 | _n0 | ||
| 999 |
_c110904 _d110904 |
||